000 00298nam a22001337a 4500
008 170411b xxu||||| |||| 00| 0 eng d
020 _a9780781768726
041 _aeng
080 _23 ED
_a618
100 _a10
101 _aSHM
245 _aHIGH TIELD EMBRYOLOGY
_cDUDEK.R.W
942 _2udc
_cBK
999 _c10353
_d10353